000 00471nam a2200181Ia 4500
001 24312
005 20260414151035.0
008 260414t2017||||xx |||||||||||||| ||spa||
041 _aESP
082 _a345.3
_bA41
100 _aAlfaro Valverde, Luis
_eAUT
245 0 _aLa iniciativa probatoria del juez :
_bracionalidad de la prueba de oficio
260 _c2017
300 _a297 páginas :
_c25 cm.
650 _aDER
654 _aCDE
942 _cLIB
_dJUS
_fJUS
_2ddc
_n
999 _c24312
_d24312